|
|
|
|
| LEADER |
00000nam a2200000 a 4500 |
| 001 |
UCM0729 |
| 003 |
CL-VaPUC |
| 008 |
020308e20011100CL |||||||||||||||||spa|d |
| 041 |
0 |
7 |
|a spa
|2 CL-VaPUC
|
| 041 |
0 |
7 |
|a eng
|2 CL-VaPUC
|
| 082 |
0 |
4 |
|a 341.754
|b LOP
|2 21
|
| 100 |
|
|
|a López Blanco, José Luis
|e autor
|9 467668
|
| 245 |
1 |
0 |
|a Compraventa internacional de mercaderías
|
| 300 |
|
|
|a 184 p
|
| 942 |
|
|
|c BK
|
| 945 |
|
|
|d 20020308 00:00:00
|a vberengu
|
| 260 |
|
|
|a Santiago
|b Ace
|c 2001
|
| 650 |
|
0 |
|a Derecho comercial
|9 256340
|
| 650 |
|
0 |
|a Contrato de compraventa
|9 388694
|
| 650 |
|
7 |
|a COMERCIO INTERNACIONAL
|2 CL-VaPUC
|9 467669
|
| 650 |
|
7 |
|a CARTAS DE CREDITO
|2 CL-VaPUC
|9 254914
|
| 650 |
|
0 |
|a Convención de Viena
|9 329188
|
| 583 |
|
|
|a last modification
|c 20180123 05:38:12
|k Rodrigo Vera
|
| 999 |
|
|
|c 299565
|d 299563
|
| 952 |
|
|
|0 0
|1 0
|4 0
|6 341_754000000000000_LOP_2001
|7 0
|8 A
|9 356229
|a BIBDER
|b BIBDER
|d 2019-11-21
|i 3791637
|l 1
|o 341.754 LOP 2001
|p 3791637
|r 2024-09-04
|s 2024-09-04
|w 2019-11-21
|y BK
|k DER
|
| 952 |
|
|
|0 0
|1 0
|4 0
|6 341_754000000000000_LOP_2001
|7 0
|8 A
|9 356230
|a BIBING
|b BIBING
|d 2019-11-21
|i 3808025
|o 341.754 LOP 2001
|p 3808025
|r 2025-01-20
|w 2019-11-21
|y BK
|k TRA
|
| 952 |
|
|
|0 0
|1 0
|4 0
|6 341_754000000000000_LOP_2001
|7 0
|8 A
|9 356231
|a BIBING
|b BIBING
|d 2019-11-21
|i 3808033
|o 341.754 LOP 2001
|p 3808033
|r 2025-01-20
|w 2019-11-21
|y BK
|k TRA
|
| 952 |
|
|
|0 0
|1 0
|4 0
|6 341_754000000000000_LOP_2001
|7 0
|8 A
|9 356232
|a BIBING
|b BIBING
|d 2019-11-21
|i 3808041
|o 341.754 LOP 2001
|p 3808041
|r 2025-01-20
|w 2019-11-21
|y BK
|k TRA
|